|
|
|
|
| LEADER |
00000naa a2200000 c 4500 |
| 001 |
1580818501 |
| 003 |
DE-627 |
| 005 |
20180910140036.0 |
| 007 |
tu |
| 008 |
180910s2017 xx ||||| 00| ||ger c |
| 020 |
|
|
|a 9783000585050
|
| 035 |
|
|
|a (DE-627)1580818501
|
| 035 |
|
|
|a (DE-576)510818501
|
| 035 |
|
|
|a (DE-599)BSZ510818501
|
| 040 |
|
|
|a DE-627
|b ger
|c DE-627
|e rda
|
| 041 |
|
|
|a ger
|
| 100 |
1 |
|
|a Schlang, Stefan
|e VerfasserIn
|0 (DE-588)1049795180
|0 (DE-627)782705103
|0 (DE-576)178241695
|4 aut
|
| 109 |
|
|
|a Schlang, Stefan
|
| 245 |
1 |
0 |
|a Plan P. - Jugend stark machen gegen salafistische Radikalisierung
|b ein Präventionsprojekt in der Jugendhilfe
|c Stefan Schlang
|
| 264 |
|
1 |
|c 2017
|
| 336 |
|
|
|a Text
|b txt
|2 rdacontent
|
| 337 |
|
|
|a ohne Hilfsmittel zu benutzen
|b n
|2 rdamedia
|
| 338 |
|
|
|a Band
|b nc
|2 rdacarrier
|
| 773 |
0 |
8 |
|i Enthalten in
|t Extrem ... Radikal ... Orientierungslos!?
|d Berlin : Bundesarbeitsgemeinschaft Kinder- und Jugendschutz e. V, 2017
|g (2017), Seite 109-115
|h 175 Seiten
|w (DE-627)1015068839
|w (DE-576)497943840
|z 9783000585050
|7 nnam
|
| 773 |
1 |
8 |
|g year:2017
|g pages:109-115
|
| 951 |
|
|
|a AR
|
| ELC |
|
|
|b 1
|
| LOK |
|
|
|0 000 xxxxxcx a22 zn 4500
|
| LOK |
|
|
|0 001 3025203323
|
| LOK |
|
|
|0 003 DE-627
|
| LOK |
|
|
|0 004 1580818501
|
| LOK |
|
|
|0 005 20260112111934
|
| LOK |
|
|
|0 008 180910||||||||||||||||ger|||||||
|
| LOK |
|
|
|0 040
|a DE-21-110
|c DE-627
|d DE-21-110
|
| LOK |
|
|
|0 689
|a s
|a Salafismus
|
| LOK |
|
|
|0 689
|a s
|a Extremismus
|
| LOK |
|
|
|0 689
|a s
|a Prävention
|
| LOK |
|
|
|0 689
|a s
|a Modellprojekt
|
| LOK |
|
|
|0 689
|a g
|a Nordrhein-Westfalen
|
| LOK |
|
|
|0 852
|a DE-21-110
|
| LOK |
|
|
|0 852 1
|m p
|9 00
|
| LOK |
|
|
|0 938
|k p
|
| LOK |
|
|
|0 939
|a 10-09-18
|b l01
|
| ORI |
|
|
|a SA-MARC-krimdoka001.raw
|